| 000 | 00371nam a2200133Ia 4500 | ||
|---|---|---|---|
| 008 | 211109s9999||||xx |||||||||||||| ||und|| | ||
| 082 |
_a920 _bCON-S |
||
| 100 | _aO` Connor [re Edward], | ||
| 245 | 0 | _aSecret Of Frederick Oganam | |
| 260 |
_bS h LEAGUE, ALWAYE NORTH P.O KERALA _aINDIA _c1956 |
||
| 630 | _xGeneral Stack | ||
| 650 |
_aBiography _xGeneralia |
||
| 942 | _cBOOK | ||
| 999 |
_c22869 _d22869 |
||